000 00347nam a2200133Ia 4500
008 240624s9999 xx 000 0 und d
041 _aeng
082 _a330 BAN
100 _aBANERJEE ABHIJIT V
245 _aPOOR ECONOMICS RETHINKING POVERTY AND TH
260 _c2011
_aIndia
_bRandom House
300 _axi, : 303 : p. : cm. ; 24
365 _cRS
999 _c24383
_d24383